[Event "AUTO-ELITE-1941"]
[Site "http://www.queenalice.com/game.php?id=1516482"]
[Date "2018.2.18"]
[Round "1"]
[White "TheWatcher"]
[Black "pumamercedino"]
[Result "0-1"]
[WhiteElo "2252"]
[BlackElo "2567"]

1. e4 c5 2. Nf3 e6 3. d4 cxd4 4. Nxd4 a6 5. c4 Nf6 6. Nc3 d6 7. Be2 Be7 8. O-O
O-O 9. Be3 b6 10. Rc1 Bb7 11. f3 Nbd7 12. b4 d5 13. exd5 Bxb4 14. dxe6 fxe6 15.
Qb3 Qe7 16. Na4 Bd6 17. Nf5 exf5 18. c5+ Bd5 19. cxd6 Qe6 20. Qd3 Rae8 21. Rc3
f4 22. Qxa6 fxe3 23. Rd1 Qxd6 24. Rcd3 Ra8 25. Qb5 Ra5 26. Rxd5 Nxd5 27. Qb3 Kh8
28. Nc3 N7f6 29. Nb5 Qc5 30. a4 Nf4 0-1

[Event "AUTO-ELITE-1952"]
[Site "http://www.queenalice.com/game.php?id=1518417"]
[Date "2018.3.5"]
[Round "1"]
[White "pumamercedino"]
[Black "pickles"]
[Result "1/2-1/2"]
[WhiteElo "2615"]
[BlackElo "2559"]

1. d4 d5 2. c4 c6 3. Nc3 Nf6 4. e3 e6 5. Nf3 Nbd7 6. Bd3 dxc4 7. Bxc4 b5 8. Bd3
a6 9. e4 c5 10. e5 Nd5 11. Nxd5 exd5 12. O-O c4 13. Bc2 Be7 14. Ne1 Qb6 15. Be3
O-O 16. Qf3 Nb8 17. g3 Bb7 18. Qh5 g6 19. Qh6 Re8 20. Nf3 Bf8 21. Qh4 Bc8 22.
Bh6 Be7 23. Bg5 Ra7 24. Rfe1 Bb4 25. Re3 Qe6 26. Bf4 Qh3 27. e6 Qxh4 28. exf7+
Kxf7 29. gxh4 Rxe3 30. fxe3 Nc6 31. h5 gxh5 32. Bxh7 Kf6 33. Bc2 Rg7+ 34. Kf2
Be7 35. h4 Rg8 36. Ng5 Bf5 37. Bd1 Nb4 38. Bxh5 Nd3+ 39. Kg3 Nxf4 40. exf4 b4
41. Bf3 Rc8 42. Bxd5 c3 43. bxc3 bxc3 44. Ne4+ Kg6 45. h5+ Kg7 46. Rc1 c2
1/2-1/2

[Event "AUTO-ELITE-1952"]
[Site "http://www.queenalice.com/game.php?id=1518418"]
[Date "2018.3.5"]
[Round "1"]
[White "pickles"]
[Black "pumamercedino"]
[Result "1-0"]
[WhiteElo "2560"]
[BlackElo "2609"]

1. e4 c5 2. Nf3 e6 3. d4 cxd4 4. Nxd4 a6 5. Bd3 Nf6 6. O-O d6 7. c4 Be7 8. Nc3
O-O 9. Be3 Nbd7 10. f4 Re8 11. Rc1 Bf8 12. Kh1 Nc5 13. Bc2 e5 14. fxe5 dxe5 15.
Nf3 Bg4 16. h3 Bh5 17. b4 Qxd1 18. Rfxd1 Ne6 19. g4 Bg6 20. Nxe5 Bxb4 21. Nd5
Ba3 22. Nxg6 hxg6 23. Rb1 b5 24. cxb5 axb5 25. Rxb5 Nxd5 26. exd5 Nc7 27. Rb3
Bd6 28. Bb1 Ra5 29. Bg1 g5 30. Rc3 Rxd5 31. Rcd3 Rxd3 32. Bxd3 Ba3 33. Bc4 Ne6
34. Rd7 Rc8 35. Bxe6 fxe6 36. Bd4 Bf8 37. a4 Kh7 38. Bb6 Rc3 39. Kg2 Rc2+ 40.
Kf3 Rc3+ 41. Ke4 Rxh3 42. a5 Ra3 43. Ke5 Bb4 44. Ra7 Rb3 45. Kxe6 Bc3 46. Rd7
Rb5 47. Rd5 Rb4 48. Rd3 Be1 49. Ra3 Rb5 50. Kf7 Rb1 51. Bd4 Rb7+ 52. Ke6 1-0

[Event "AUTO-ELITE-1952"]
[Site "http://www.queenalice.com/game.php?id=1518419"]
[Date "2018.3.5"]
[Round "1"]
[White "pumamercedino"]
[Black "breizatao"]
[Result "1/2-1/2"]
[WhiteElo "2610"]
[BlackElo "2518"]

1. d4 e6 2. c4 Bb4+ 3. Bd2 Bxd2+ 4. Qxd2 Nf6 5. Nc3 O-O 6. Nf3 d5 7. e3 Qe7 8.
cxd5 exd5 9. Bd3 Nbd7 10. O-O c6 11. Qc2 Re8 12. Nd2 Nf8 13. Rae1 Bd7 14. b4 Qd6
15. Qb2 Ng6 16. b5 Ng4 17. g3 h5 18. Nf3 Qf6 19. Kg2 Nh6 20. Bxg6 Qxg6 21. Ne5
Qe6 22. bxc6 bxc6 23. Ne2 Qh3+ 24. Kh1 Ng4 25. Nf3 Rab8 26. Qc1 Nf6 27. Nf4 Qf5
28. Ne5 Rbc8 29. Qd1 Rc7 30. Nxd7 Rxd7 31. h4 c5 32. dxc5 Rc7 33. Qb1 Qxb1
1/2-1/2

[Event "AUTO-ELITE-1952"]
[Site "http://www.queenalice.com/game.php?id=1518420"]
[Date "2018.3.5"]
[Round "1"]
[White "breizatao"]
[Black "pumamercedino"]
[Result "1/2-1/2"]
[WhiteElo "2506"]
[BlackElo "2612"]

1. d4 Nf6 2. Nf3 g6 3. e3 Bg7 4. Bd3 d5 5. O-O O-O 6. c3 b6 7. Nbd2 Bb7 8. Re1
c5 9. b3 Nbd7 10. Bb2 Ne4 11. c4 cxd4 12. exd4 Nxd2 13. Qxd2 dxc4 14. bxc4 Bxf3
15. gxf3 e5 16. Be4 Rc8 17. Bd5 exd4 18. Bxd4 Nf6 19. Rad1 Re8 20. Rxe8+ Qxe8
21. Be3 Bf8 22. Bd4 Bg7 23. Be3 Qe7 24. a4 Nxd5 25. Qxd5 Bf6 26. a5 bxa5 27.
Qxa5 Rxc4 1/2-1/2

[Event "AUTO-ELITE-1957"]
[Site "http://www.queenalice.com/game.php?id=1519597"]
[Date "2018.3.14"]
[Round "1"]
[White "Sexxy_Bunny"]
[Black "pumamercedino"]
[Result "1-0"]
[WhiteElo "2689"]
[BlackElo "2616"]

1. e4 c5 2. Nf3 e6 3. d4 cxd4 4. Nxd4 a6 5. Bd3 Qc7 6. O-O Nf6 7. Qe2 d6 8. c4
g6 9. Nc3 Bg7 10. Nf3 O-O 11. Bf4 Nh5 12. Be3 Bxc3 13. bxc3 e5 14. Rfd1 Bg4 15.
h3 Bxf3 16. Qxf3 Nd7 17. Bf1 Rad8 18. Bg5 f6 19. Bh6 Ng7 20. Rd2 Nc5 21. Rad1
Qc6 22. Rd5 Rf7 23. Qe3 Nge6 24. g3 Rfd7 25. Bg2 Na4 26. Qf3 Kf7 27. h4 Ke7 28.
c5 Naxc5 29. h5 Qa4 30. Be3 b6 31. Qg4 Rg8 32. hxg6 hxg6 33. Bf3 Rdd8 34. Kg2
Qe8 35. Rh1 Qf7 36. Bxc5 Nxc5 37. Rb1 b5 38. c4 Qe6 39. Qxe6+ Kxe6 40. cxb5 axb5
41. Rd2 Rb8 42. Rb4 Rgc8 43. Be2 f5 44. exf5+ gxf5 45. Rh4 Ne4 46. Rb2 1-0

[Event "AUTO-ELITE-1957"]
[Site "http://www.queenalice.com/game.php?id=1519598"]
[Date "2018.3.14"]
[Round "1"]
[White "pumamercedino"]
[Black "Sexxy_Bunny"]
[Result "1/2-1/2"]
[WhiteElo "2593"]
[BlackElo "2711"]

1. d4 Nf6 2. c4 e6 3. Nc3 Bb4 4. a3 Bxc3+ 5. bxc3 c5 6. e3 Nc6 7. Bd3 O-O 8. Nf3
d6 9. e4 e5 10. d5 Ne7 11. h3 Ng6 12. g3 Bd7 13. Kf1 h6 14. a4 Nh7 15. Qc2 Qc8
16. Kg2 f5 17. exf5 Bxf5 18. Rb1 Bxd3 19. Qxd3 Ne7 20. Be3 Rf7 21. Nd2 Nf5 22.
f3 Nxe3+ 23. Qxe3 Qd7 24. a5 Raf8 25. h4 Nf6 26. Rb2 Qa4 27. Rhb1 Qxa5 28. Rxb7
Rxb7 29. Rxb7 Qa6 30. Rb2 Qa1 31. Rb7 a5 32. Qd3 Qd1 33. Rb1 e4 34. Rxd1 exd3
35. Re1 h5 36. Kf2 Ng4+ 37. Kg1 Nh6 38. Ra1 Nf5 39. Kf2 Rb8 40. Ra2 a4 41. g4
hxg4 42. fxg4 Nxh4 43. Ke3 Ra8 44. Kxd3 Ng6 45. Nf3 Kf7 46. Kc2 Kf6 47. Kb1 Ne5
48. Nxe5 Kxe5 49. Re2+ Kf4 50. Re6 Ra6 51. Rg6 Ke3 52. Rxg7 Kd3 53. Rc7 Rb6+ 54.
Ka1 Kxc3 55. Rc6 Rb8 56. Rxd6 Rg8 57. Rd7 Rxg4 58. Rc7 Kxc4 59. d6 Rd4 60. d7
Kb5 61. Ra7 Kb6 62. d8=Q+ Rxd8 63. Rxa4 Kb5 64. Rf4 Rd2 65. Kb1 c4 66. Rf3 Kb4
67. Kc1 Rg2 68. Rh3 Ra2 69. Kb1 Rd2 70. Kc1 Rf2 71. Rg3 Rf1+ 72. Kc2 1/2-1/2

[Event "AUTO-ELITE-1957"]
[Site "http://www.queenalice.com/game.php?id=1519603"]
[Date "2018.3.14"]
[Round "1"]
[White "jovelino"]
[Black "pumamercedino"]
[Result "0-1"]
[WhiteElo "2256"]
[BlackElo "2612"]

1. e4 c5 2. Nf3 e6 3. d4 cxd4 4. Nxd4 a6 5. c4 Nf6 6. Nc3 d6 7. Be3 b6 8. g3 Bb7
9. Bg2 Nbd7 10. Rc1 Rc8 11. b3 h5 12. h4 Be7 13. O-O Ng4 14. Qe2 Nxe3 15. Qxe3
O-O 16. f4 Nf6 17. Qd2 Ng4 18. f5 e5 19. Nf3 b5 20. cxb5 axb5 21. Nd5 Bxd5 22.
exd5 Rxc1 23. Rxc1 e4 24. Nd4 Qb6 25. Bxe4 Bf6 26. Rd1 Re8 27. Qd3 Qc5 28. Kg2
Ra8 29. Rd2 Bxd4 30. Qxd4 Rxa2 0-1

[Event "AUTO-ELITE-1957"]
[Site "http://www.queenalice.com/game.php?id=1519604"]
[Date "2018.3.14"]
[Round "1"]
[White "pumamercedino"]
[Black "jovelino"]
[Result "1-0"]
[WhiteElo "2611"]
[BlackElo "2258"]

1. d4 Nf6 2. c4 c5 3. Nf3 g6 4. Nc3 cxd4 5. Nxd4 Bg7 6. g3 O-O 7. Bg2 Nc6 8. O-O
a6 9. c5 Qa5 10. Nb3 Qb4 11. Bg5 Qg4 12. Bf4 a5 13. h3 Qe6 14. e4 a4 15. Nd5 Ne8
16. Nd2 a3 17. b4 Bxa1 18. Qxa1 d6 19. b5 Na7 20. Bh6 f6 21. cxd6 Qxd6 22. Nc4
Qe6 23. e5 Nxb5 24. exf6 Nxf6 25. Bxf8 Kxf8 26. Re1 1-0

[Event "AUTO-ELITE-1963"]
[Site "http://www.queenalice.com/game.php?id=1521390"]
[Date "2018.3.27"]
[Round "1"]
[White "BEBADO"]
[Black "pumamercedino"]
[Result "0-1"]
[WhiteElo "2241"]
[BlackElo "2608"]

1. e4 c5 2. Nf3 e6 3. d4 cxd4 4. Nxd4 a6 5. Nc3 Qc7 6. Be2 Nf6 7. O-O d6 8. f4
Be7 9. Be3 O-O 10. a4 Nc6 11. Nb3 b6 12. Bf3 Bb7 13. g4 h6 14. Qe2 Nd7 15. h4
Bxh4 16. g5 hxg5 17. Qh2 Qd8 18. Rad1 gxf4 19. Bxf4 Nde5 0-1

[Event "AUTO-ELITE-1963"]
[Site "http://www.queenalice.com/game.php?id=1521391"]
[Date "2018.3.27"]
[Round "1"]
[White "pumamercedino"]
[Black "BEBADO"]
[Result "1-0"]
[WhiteElo "2609"]
[BlackElo "2240"]

1. d4 Nf6 2. c4 c5 3. Nf3 cxd4 4. Nxd4 e5 5. Nb5 d5 6. cxd5 Bc5 7. N5c3 O-O 8.
h3 e4 9. e3 Qe7 10. g4 h6 11. Bg2 Nbd7 12. Nd2 Bb4 13. O-O Bxc3 14. bxc3 Qe5 15.
Ba3 Re8 16. c4 b5 17. Rb1 bxc4 18. Nxc4 1-0

[Event "AUTO-ELITE-1963"]
[Site "http://www.queenalice.com/game.php?id=1521394"]
[Date "2018.3.27"]
[Round "1"]
[White "Donidon"]
[Black "pumamercedino"]
[Result "1/2-1/2"]
[WhiteElo "2252"]
[BlackElo "2600"]

1. e4 c5 2. Nf3 e6 3. d4 cxd4 4. Nxd4 a6 5. c4 Nf6 6. Nc3 Bb4 7. Bg5 Bxc3+ 8.
bxc3 Qa5 9. Bd2 d6 10. f3 O-O 11. Bd3 Nbd7 12. O-O Ne5 13. Be2 Qc7 14. Qb3 Rb8
15. Rab1 b6 16. Bf4 Nfd7 17. Rfd1 Nc5 18. Qb2 Bd7 19. Qa3 Ng6 20. Bg3 e5 21. Nc2
f5 22. exf5 Bxf5 23. Rb2 Bxc2 24. Rxc2 Nf4 25. Bf1 Nh5 26. Bf2 Rbe8 27. Qb2 Nf4
28. Qc1 e4 29. fxe4 Nxe4 30. Be3 Ng6 31. Rb2 Nc5 32. Rf2 Rxf2 33. Bxf2 Qf7 34.
Qb1 Qc7 35. g3 Kh8 36. Bg2 Ne5 37. Rd4 Rf8 1/2-1/2

[Event "AUTO-ELITE-1965"]
[Site "http://www.queenalice.com/game.php?id=1522744"]
[Date "2018.4.8"]
[Round "1"]
[White "Bobby_F"]
[Black "pumamercedino"]
[Result "1-0"]
[WhiteElo "2833"]
[BlackElo "2583"]

1. e4 c5 2. Nf3 e6 3. d4 cxd4 4. Nxd4 a6 5. Bd3 Nf6 6. O-O d6 7. c4 Be7 8. Nc3
O-O 9. Be3 Nbd7 10. Rc1 Re8 11. f4 Bf8 12. Kh1 g6 13. Bc2 Qc7 14. Qd2 Ng4 15.
Bg1 b6 16. Qe2 Ngf6 17. e5 Nh5 18. Be4 Bb7 19. exd6 1-0

[Event "AUTO-ELITE-1965"]
[Site "http://www.queenalice.com/game.php?id=1522745"]
[Date "2018.4.8"]
[Round "1"]
[White "pumamercedino"]
[Black "Bobby_F"]
[Result "0-1"]
[WhiteElo "2594"]
[BlackElo "2830"]

1. d4 Nf6 2. c4 e6 3. Nc3 Bb4 4. f3 O-O 5. e4 d5 6. e5 Nfd7 7. cxd5 exd5 8. a3
Bxc3+ 9. bxc3 f6 10. exf6 Qxf6 11. Bd3 Nb6 12. Ne2 Bf5 13. Bf4 c6 14. Bxf5 Qxf5
15. O-O Nc4 16. Qb1 Qf7 17. a4 b6 18. Ra2 Nd7 19. Bg3 Nf6 20. Nf4 Nh5 0-1

[Event "AUTO-ELITE-1965"]
[Site "http://www.queenalice.com/game.php?id=1522748"]
[Date "2018.4.8"]
[Round "1"]
[White "FabioDavid"]
[Black "pumamercedino"]
[Result "1/2-1/2"]
[WhiteElo "2513"]
[BlackElo "2618"]

1. e4 c5 2. Nf3 e6 3. d4 cxd4 4. Nxd4 a6 5. c4 Nf6 6. Nc3 Bb4 7. Qd3 d6 8. f3
Nbd7 9. a3 Ne5 10. Qc2 Bc5 11. Be3 Bd7 12. Qd2 O-O 13. Be2 Qc7 14. Rc1 Rac8 15.
O-O Rfd8 16. Kh1 h6 17. Rfd1 Qb8 18. Qe1 b5 19. cxb5 axb5 20. b4 Bb6 21. Qf2 Nc4
22. Bxc4 Rxc4 23. Nf5 1/2-1/2

[Event "AUTO-ELITE-1965"]
[Site "http://www.queenalice.com/game.php?id=1522749"]
[Date "2018.4.8"]
[Round "1"]
[White "pumamercedino"]
[Black "FabioDavid"]
[Result "1/2-1/2"]
[WhiteElo "2595"]
[BlackElo "2545"]

1. d4 Nf6 2. c4 g6 3. Nc3 Bg7 4. e4 d6 5. f3 O-O 6. Be3 c5 7. Nge2 Nc6 8. d5 Ne5
9. Ng3 h5 10. Be2 h4 11. Nf1 e6 12. Nd2 exd5 13. cxd5 h3 14. g3 a6 15. a4 Bd7
16. a5 b5 17. axb6 Qxb6 18. Rb1 Qb4 19. O-O Bb5 20. Kh1 Rfb8 21. Qc2 Bxe2 22.
Nxe2 a5 23. Ng1 Nfd7 24. Nxh3 a4 25. Kg2 a3 26. bxa3 Qxa3 27. Bf2 Rxb1 28. Rxb1
1/2-1/2